FUNDAMENTALS OF COMPUTERS (Record no. 216844)

MARC details
000 -LEADER
fixed length control field 00489nam a22001817a 4500
008 - FIXED-LENGTH DATA ELEMENTS--GENERAL INFORMATION
fixed length control field 260318b |||||||| |||| 00| 0 eng d
020 ## - INTERNATIONAL STANDARD BOOK NUMBER
International Standard Book Number 978-93-5443-961-2
050 ## - LIBRARY OF CONGRESS CALL NUMBER
Classification number QA 76.5 .R35 2025
100 ## - MAIN ENTRY--PERSONAL NAME
Personal name RAJARAMAN V
245 ## - TITLE STATEMENT
Title FUNDAMENTALS OF COMPUTERS
260 ## - PUBLICATION, DISTRIBUTION, ETC.
Place of publication, distribution, etc. NEW DELHI
Name of publisher, distributor, etc. PH LEARNING PRIVATE LIMITED
Date of publication, distribution, etc. 2025
300 ## - PHYSICAL DESCRIPTION
Extent X,457
500 ## - GENERAL NOTE
General note INCLUDES AN INDEX
650 ## - SUBJECT ADDED ENTRY
Topical term or geographic name entry element COMPUTERS- TEXTBOOKS
700 ## - ADDED ENTRY--PERSONAL NAME
Personal name ADABALA NEEHARIKA
942 ## - ADDED ENTRY ELEMENTS (KOHA)
Source of classification or shelving scheme Library of Congress Classification
Koha item type Long Loan Book
Holdings
Withdrawn status Lost status Source of classification or shelving scheme Damaged status Not for loan Collection Home library Current library Shelving location Date acquired Inventory number Total checkouts Full call number Barcode Date last seen Copy number Price effective from Koha item type
    Library of Congress Classification     Science & Technology Kisii University Library Kisii University Library On Display 03/18/2026 112452   QA 76.5 .R35 2025 A001607 03/18/2026 C.4 03/18/2026 Long Loan Book
    Library of Congress Classification     Science & Technology Kisii University Library Kisii University Library On Display 03/18/2026 112451   QA 76.5 .R35 2025 A001608 03/18/2026 C.3 03/18/2026 Long Loan Book
    Library of Congress Classification     Science & Technology Kisii University Library Kisii University Library On Display 03/18/2026 112450   QA 76.5 .R35 2025 A001625 03/18/2026 C.2 03/18/2026 Long Loan Book
    Library of Congress Classification     Science & Technology Kisii University Library Kisii University Library On Display 03/18/2026 112449   QA 76.5 .R35 2025 A001626 03/18/2026 C.1 03/18/2026 Long Loan Book